000 00960nam a22002297a 4500
005 20250429154106.0
008 250429b |||||||| |||| 00| 0 eng d
020 _a978-81-7770-217-0 (hbk)
037 _cTB
040 _aCRL
_cCRL
041 _2pun
_apun
084 _aQ8441 153Q9
_qCRL
245 _aਸਿੱਖ ਧਰਮ
_b: ਅੰਤਰ-ਧਰਮ ਸਦਭਾਵ ਸਰੋਤ ਪੁਸਤਕ
260 _aਅੰਮ੍ਰਿਤਸਰ, ਭਾਰਤ:
_bਸ਼੍ਰੀ ਗੁਰੂ ਗ੍ਰੰਥ ਸਾਹਿਬ ਅਧਿਅਨ ਕੇਂਦਰ,
_c2019.
300 _a287 ਪ.
365 _b410.00
_cINR
650 _aਧਰਮ
650 _aਸਿੱਖ ਧਰਮ
_9753398
700 _aਸਿੰਘ, ਅਮਰਜੀਤ
_eਸਮਪਾਦਕ
_9753451
942 _2CC
_cTB
_hQ8441 153Q9
_n0
999 _c1309763
_d1309763